| 000 | 00685cam a2200229 a 4500 | ||
|---|---|---|---|
| 020 | _a0070575592 | ||
| 040 | _cDLC | ||
| 082 | 0 | 0 | _a332 HIL 1991 A089 Or. |
| 100 | 1 | _aShim, Jae K. | |
| 245 | 1 | 0 | _aSchaum's outline of theory and problems of personal finance / |
| 260 |
_aNew York : _bMcGraw-Hill, _cc1991. |
||
| 300 |
_avii, 426 p. : _bill. ; _c28 cm. |
||
| 490 | 0 | _aSchaum's outline series | |
| 500 | _aCover title: Theory and problems of personal finance. | ||
| 500 | _aSpine title: Personal finance. | ||
| 500 | _aIncludes index. | ||
| 650 | 0 | _aFinance, Personal. | |
| 650 | 0 | _aFinance, Personal | |
| 650 | 0 | _aFinance, Personal | |
| 700 | 1 | _aSiegel, Joel G. | |
| 942 | _cEK | ||
| 999 |
_c16120 _d16120 |
||